| Record ID | ia:conditionsoflear0000gagn |
| Source | Internet Archive |
| Download MARC XML | https://archive.org/download/conditionsoflear0000gagn/conditionsoflear0000gagn_marc.xml |
| Download MARC binary | https://www.archive.org/download/conditionsoflear0000gagn/conditionsoflear0000gagn_meta.mrc |
LEADER: 00677cam 22002410 4500
001 0116301895375
008 881022s1970 nyu a b 1 eng d
010 $a 78115178
020 $a0030803306
035 $a(Sirsi) AAP-2018
035 $a22773325.C..
040 $aOPET$beng
046 $aDLC$cDLC
050 00 $aLB1051$b.G19 1970
082 0 $a153.15
090 0 $aLB 1051 .G19 1970$bb
100 1 $aGagné, Robert Mills,$d1916-
245 14 $aThe conditions of learning$c[by] Robert M. Gagné.
250 $a2d ed.
260 $aNew York,$bHolt, Rinehart and Winston$c[1970]
300 $aviii, 407 p.$billus.$c22 cm.
504 $aBibliography: p. 381-393.
650 0 $aLearning.